Most expensive football transfers - Goalkeepers - 2019-2020 Season - Statistics

General Stats
  • This quiz has been taken 18 times
  • The average score is 5 of 10
Answer Stats
Fee (M €) Nationality Left Joined Player % Correct
35,00 Netherlands Barcelona Valencia Jasper Cillessen
88%
15,00 Costa Rica Real Madrid Paris SG Keylor Navas
82%
26,00 Brazil Valencia Barcelona Neto
76%
26,00 Italy Udinese Calcio SSC Napoli Alex Meret
65%
10,60 Romania Genoa Inter Andrei Radu
35%
8,00 Romania Inter Genoa Andrei Radu
35%
23,50 Spain Real Betis AS Roma Pau López
35%
13,50 France Montpellier Monaco Benjamin Lecomte
24%
8,80 England Burnley Aston Villa Tom Heaton
24%
20,00 Italy Juventus Sampdoria Emil Audero
18%
No matching quizzes found
Score Distribution
Percent of People with Each Score
Percentile by Number Answered
Your Score History
You have not taken this quiz